000 00533nam a2200181Ia 4500
008 151018s9999 xx 000 0 und d
082 _bRBASDV22905
_a891.463
100 _aगोविंद केळकर
245 _aआधार
250 _b1
260 _bराजेंद्र प्रकाशन ठाणे
_c1988
300 _a239
600 _aगोविंद केळकर
630 _aआधार
700 _aगोविंद केळकर
730 _aआधार
942 _cBOOK
999 _c1022570
_d1022567